Aktuálne zmeny zákona o správe daní a poplatkov a o zmenách v sústave územných finančných orgánov v znení neskorších predpisov
Novelizácia daňových zákonov a uplatňovanie zákona o správe daní a poplatkov (zákon č. 511/1992 Zb.) v praxi si vynútilo jeho úpravy. Svojím obsahom reaguje predovšetkým na zavedenie paušálnej dane v zákone č. 366/1999 Z.z. o daniach z príjmov, ale vstupuje sa ňou aj do niektorých ďalších ustanovení...
Gespeichert in:
| 1. Verfasser: | |
|---|---|
| Format: | Buchkapitel |
| Sprache: | Slowakisch |
| Schlagworte: | |
| Tags: |
Keine Tags, Fügen Sie das erste Tag hinzu!
|
MARC
| LEADER | 00000naa a2200000 4500 | ||
|---|---|---|---|
| 001 | r037260 | ||
| 005 | 20230911132649.9 | ||
| 041 | 0 | |a slo | |
| 044 | |a SK | ||
| 245 | 1 | 0 | |a Aktuálne zmeny zákona o správe daní a poplatkov a o zmenách v sústave územných finančných orgánov v znení neskorších predpisov |c Zuzana Macková |
| 520 | |a Novelizácia daňových zákonov a uplatňovanie zákona o správe daní a poplatkov (zákon č. 511/1992 Zb.) v praxi si vynútilo jeho úpravy. Svojím obsahom reaguje predovšetkým na zavedenie paušálnej dane v zákone č. 366/1999 Z.z. o daniach z príjmov, ale vstupuje sa ňou aj do niektorých ďalších ustanovení zákona za účelom legislatívneho spresnenia ich znenia, zrozumiteľnosti a prehľadnosti, prípadne doplnenia v nadväznosti na zákon č. 289/1995 Z.z. o dani z pridanej hodnoty v znení neskorších predpisov. | ||
| 610 | 2 | 0 | |a dane |
| 610 | 2 | 0 | |a poplatky |
| 610 | 2 | 0 | |a penále |
| 610 | 2 | 0 | |a príjmy rozpočtu štátneho |
| 610 | 2 | 0 | |a dane z príjmov |
| 610 | 2 | 0 | |a dane z hodnoty pridanej |
| 610 | 2 | 0 | |a dane paušálne |
| 610 | 2 | 0 | |a reformy daňové |
| 610 | 2 | 0 | |a zákony |
| 610 | 2 | 0 | |a Slovensko |
| 100 | 1 | |a Macková, Zuzana | |